Statistics for AFL International Rankings

Click here to take the quiz!

General Stats

  • This quiz has been taken 29 times
  • The average score is 17 of 23

Answer Stats

RegionPointsAnswer% Correct
OceaniaNAAustralia
96%
Asia35.06Japan
96%
Asia39.91China
92%
Oceania57.88New Zealand
92%
Europe46.23United Kingdom
92%
North America49.34United States of America
88%
North America45.84Canada
84%
Europe56.64Ireland
84%
Africa46.61South Africa
84%
Oceania38.01Fiji
80%
Europe36.09France
76%
Asia30.94Indonesia
76%
Asia61.99Papua New Guinea
76%
Europe37.55Germany
72%
Asia20.71India
72%
Oceania41.93Tonga
72%
Europe43.67Denmark
56%
Middle East36.46Peace Team - Israel/Palestine
56%
Oceania52.67Nauru
52%
Asia29.14Pakistan
52%
Europe34.18Sweden
52%
Europe27.45Finland
44%
Europe47.09Croatia
40%

Score Distribution

Percentile by Number Answered

Percent of People with Each Score

Your Score History

You have not taken this quiz